Bảy bước đến vật lý học hiện đại : các nhà vật lý đi tiên phong /

Wedi'i Gadw mewn:
Manylion Llyfryddiaeth
Prif Awdur: Lê Minh Triết
Awduron Eraill: Đặng Mộng Lân
Fformat: Sách giấy
Iaith:Vietnamese
Cyhoeddwyd: H. : Thanh niên, 2002
Rhifyn:In lần thứ hai
Tagiau: Ychwanegu Tag
Dim Tagiau, Byddwch y cyntaf i dagio'r cofnod hwn!
Thư viện lưu trữ: Thư viện Trường Đại học Đà Lạt
LEADER 00802nam a2200301 4500
001 DLU030022672
003 ##DLU
005 ##20021230
008 ##021230t vn z000 vie d
040 # # |a DLU  |b vie 
041 # # |a vie 
044 # # |a vn 
082 # # |a 530.092  |b LE-T 
100 # # |a Lê Minh Triết 
245 # # |a Bảy bước đến vật lý học hiện đại :  |b các nhà vật lý đi tiên phong /  |c Lê Minh Triết, Đặng Mộng Lân 
250 # # |a In lần thứ hai 
260 # # |a H. :  |b Thanh niên,  |c 2002 
300 # # |a 270 tr. ;  |c 19 cm 
700 # # |a Đặng Mộng Lân 
992 # # |a 27000 
994 # # |a DLU 
900 # # |a True 
911 # # |a Thái Thị Thanh Thủy 
925 # # |a G 
926 # # |a A 
927 # # |a SH 
980 # # |a Thư viện Trường Đại học Đà Lạt